| 000 | 01355nam a22003737a 4500 | ||
|---|---|---|---|
| 003 | CHAP | ||
| 005 | 20220817044117.0 | ||
| 008 | 061025d2006 it abd rn 00110 spa d | ||
| 010 | _a92437 | ||
| 011 | _a93409 | ||
| 020 | _a9251055300 | ||
| 035 | _a103982 | ||
| 040 | _cCHAP | ||
| 082 | 0 | 4 |
_a639.2094 _bF3 v.37 |
| 110 | 1 | _aFAO | |
| 245 | 1 | 0 |
_aReport and proceedings of the symposium on aquaculture development - partnership between science and producer associations _c/by European Inland Fisheries Advisory Commission |
| 260 |
_aRome: _bFAO, _c2006 |
||
| 300 |
_a136 p. : _bilus. ; gráfs. ; mapas ; tablas ; diagrama |
||
| 490 | 0 |
_aFAO. EIFAC. Occasional paper _v; 37 |
|
| 590 |
_aBATCH-UPD _b10 _c20130110 _lUCH01 _h1549 |
||
| 590 |
_aBATCH-UPD _b10 _c20130410 _lUCH01 _h0947 |
||
| 590 |
_aBATCH-UPD _b10 _c20130913 _lUCH01 _h2022 |
||
| 590 |
_aCONVERSION _b10 _c20130109 _lUCH01 _h1351 |
||
| 650 | 1 | 4 |
_aAcuicultura _zEuropa. _9781 |
| 650 | 1 | 4 |
_aAgricultura y acuicultura. _92031 |
| 650 | 1 | 4 |
_aPesca _xEuropa. _987383 |
| 650 | 1 | 4 |
_aPesca _xInvestigación. _987391 |
| 710 | 0 | 2 |
_aEuropean Inland Fisheries Advisory Commission. _938890 |
| 830 | 0 |
_aFAO. EIFAC. Occasional paper _v; 37 _939535 |
|
| 901 | _aBK | ||
| 905 | _aMarco A. Mendoza T. | ||
| 942 | _cLIBRO | ||
| 949 |
_a639.2094 F3 v.37 _bBC _cFAO _d33724000996989 _eFAO1 _gDonaciØn _h108347 _i103982 _sb |
||
| 999 |
_c92437 _d92437 |
||